Cestné vozidlá II

Bibliographic Details
Main Author: Faktor, Ivan (Author)
Format: Book
Language:Slovak
PhysicalDescription:112 s. fareb. fotogr. 29 cm
Published: Bratislava Expol pedagogika 2003
ISBN:8089003400
Edition:1. vyd.
Subjects:

MARC

LEADER 00000nam a2200000 a 4500
001 vtls001465859
003 SK-MaSNL
005 20260301121727.0
008 240314s2003 xo a g 0 slo
015 |a SNBA2004/06-03416 
020 |a 8089003400 
035 |a SNK000421164 
035 |a urn:nbn:sk:snk-amluhb 
035 |a urn:nbn:sk:snk-am00cco1 
035 |a 082B3DD7-5EA3-48DA-9814-1A05A4C0916C 
040 |a SNK  |b slo  |c SNK  |e AACR2 
041 0 |a slo 
044 |a xo  |c SK 
072 7 |a 629  |2 konspekt 
080 |a 629.11(075.3)  |2 2. slo 
080 |a 629.11  |2 1981 
080 |a (075.3)  |2 1981 
100 1 |a Faktor, Ivan  |4 aut  |9 293476 
245 1 0 |a Cestné vozidlá II  |c [autor: Ivan Faktor] 
250 |a 1. vyd. 
260 |a Bratislava  |b Expol pedagogika  |c 2003 
300 |a 112 s.  |b fareb. fotogr.  |c 29 cm 
504 |a Bibliogr. na obale 
650 0 7 |a vozidlá cestné  |x učebnice stredných škôl  |2 SNK  |9 302189 
650 0 7 |a cestné vozidlá  |2 SNK  |9 66632 
655 7 |a učebnice  |2 SNK  |9 22521 
655 7 |a učebnice stredných škôl  |2 SNK  |9 69323 
919 |a 80-89003-40-0 
958 0 7 |a NB 
958 |a OND 
968 |d 62 
999 |c 730448  |d 732378 
952 |t P60, <03>, [BOOK], {603}  |a SNK  |b SNK  |y PREZ  |7 0  |p 17A0408434  |o snkSB 67634/2  |i snkKSP 189/2004  |0 0  |1 0  |4 0  |d 2004-01-09  |f 1  |l 0  |r 2025-04-16 00:00:00  |w 2026-02-23